Đảng Cộng Sản Việt Nam lãnh đạo thực hiện chính sách xã hội trong 25 năm đổi mới (1986 - 2011)

Cơ sở hình thành chủ trương, chính sách xã hội của Đảng trong thời kỳ đổi mới và kết quả thực hiện từ năm 1986 đến nay. Đánh giá và một số kinh nghiệm lãnh đạo của Đảng về việc thực hiện chính sách xã hội...

全面介绍

Đã lưu trong:
书目详细资料
主要作者: Đinh, Xuân Lý
格式: 图书
语言:Undetermined
出版: Hà Nội Nxb. Đại học Quốc gia Hà Nội 2011
主题:
标签: 添加标签
没有标签, 成为第一个标记此记录!
Thư viện lưu trữ: Trung tâm Học liệu Trường Đại học Cần Thơ
LEADER 01081nam a2200229Ia 4500
001 CTU_223939
008 210402s9999 xx 000 0 und d
020 |c 35500 
082 |a 324.2597075 
082 |b L600 
100 |a Đinh, Xuân Lý 
245 0 |a Đảng Cộng Sản Việt Nam lãnh đạo thực hiện chính sách xã hội trong 25 năm đổi mới (1986 - 2011) 
245 0 |c Đinh Xuân Lý 
260 |a Hà Nội 
260 |b Nxb. Đại học Quốc gia Hà Nội 
260 |c 2011 
520 |a Cơ sở hình thành chủ trương, chính sách xã hội của Đảng trong thời kỳ đổi mới và kết quả thực hiện từ năm 1986 đến nay. Đánh giá và một số kinh nghiệm lãnh đạo của Đảng về việc thực hiện chính sách xã hội 
650 |a Đảng cộng sản,Communist parties 
650 |z Việt Nam,Vietnam 
904 |i Qhieu 
910 |b dqhieu 
980 |a Trung tâm Học liệu Trường Đại học Cần Thơ